Independence Movements - Statistics

General Stats
  • This quiz has been taken 174 times
  • The average score is 14 of 24
Answer Stats
Country Independence Movement % Correct
United Kingdom Scotland
97%
Spain Catalonia
86%
Iraq-Turkey-Syria-Iran Kurdistan
83%
United Kingdom Northern Ireland
80%
Canada Quebec
74%
Morocco-Mauritania Western Sahara
70%
Belgium-Netherlands Flanders
69%
Somalia Somaliland
69%
Moldova Transnistria
67%
United States Puerto Rico
66%
China Tibet
66%
Georgia Abkhazia
63%
Georgia South Ossetia
63%
United States Hawaii
60%
Spain Basque Country
59%
Denmark Faroe Islands
55%
Belgium Wallonia
55%
United States California
54%
Italy Venice
37%
France New Caledonia
36%
Indonesia West Papua
34%
Nigeria Biafra
22%
United Kingdom Bermuda
17%
Russia Kaliningrad
10%
No matching quizzes found
Score Distribution
Percent of People with Each Score
Percentile by Number Answered
Your Score History
You have not taken this quiz